000 01091nam a2200241 a 4500
001 000015949
003 OSt
005 20260305073950.0
008 100222s1988 dr 001 0 spa d
040 _aDO-SdBNP
_bspa
_cBNPHU
082 4 _a633.61097293
_bP855d
_222
245 0 0 _aPosibilidades de dominicanización de la zafra azucarera /
_ceditor Frank Moya Pons.
260 _aSanto Domingo :
_bAmigo del Hogar,
_c1988.
300 _a125 p. ;
_c22 cm.
490 1 _aFórum
_v31
500 _aEste libro recoge las exposiciones que fueron presentadas en el encuentro sobre las posibilidades de dominicanización de la zafra azucarera, celebrado por FORUM en el Hotel Santo Domingo Sur, el 21 se mayo de 1987.
505 2 _aExpositores : Fernando J. Ferrán / Antropología social -- Calos Dore Cabral / Sociólogo rural -- Santiago Moquete / Ingeriniero agrónomo.
650 4 _aCaña de azúcar
_xCultivo
_zRepública Dominicana
_977642
700 1 _aMoya Pons, Frank,
_d1944-
_eed.
_92095
830 0 _aFórum
_v31
_97075
910 _aValidado. Control de calidad MFF
942 _2ddc
_cLBS1
999 _c15491
_d15491